<?xml version="1.0" encoding="UTF-8"?>
<record
    xmlns:xsi="http://www.w3.org/2001/XMLSchema-instance"
    xsi:schemaLocation="http://www.loc.gov/MARC21/slim http://www.loc.gov/standards/marcxml/schema/MARC21slim.xsd"
    xmlns="http://www.loc.gov/MARC21/slim">

  <leader>01144nam0a2200253   4500</leader>
  <controlfield tag="001">RU\NLR\ONL1\13152</controlfield>
  <controlfield tag="005">20250613121604.0</controlfield>
  <datafield tag="035" ind1=" " ind2=" ">
    <subfield code="a">(NLR Aleph) 009641896</subfield>
  </datafield>
  <datafield tag="090" ind1=" " ind2=" ">
    <subfield code="a">9549559</subfield>
    <subfield code="c">9549559</subfield>
  </datafield>
  <datafield tag="100" ind1=" " ind2=" ">
    <subfield code="a">20080319d1925    |||y0rusy50      ca</subfield>
  </datafield>
  <datafield tag="101" ind1="0" ind2=" ">
    <subfield code="a">myv</subfield>
  </datafield>
  <datafield tag="102" ind1=" " ind2=" ">
    <subfield code="a">RU</subfield>
  </datafield>
  <datafield tag="105" ind1=" " ind2=" ">
    <subfield code="a">y |||||||||</subfield>
  </datafield>
  <datafield tag="200" ind1="1" ind2=" ">
    <subfield code="a">&#x41C;. &#x412;. &#x424;&#x440;&#x443;&#x43D;&#x437;&#x435;, &#x421;&#x421;&#x421;&#x420;-&#x43E;&#x43D;&#x44C; &#x41D;&#x430;&#x440;&#x43E;&#x434;&#x43E;&#x43D;&#x44C; &#x43A;&#x43E;&#x43C;&#x438;&#x441;&#x441;&#x430;&#x440; &#x432;&#x43E;&#x435;&#x43D;&#x43D;&#x43E;&#x439; &#x434;&#x44B; &#x43C;&#x43E;&#x440;&#x441;&#x43A;&#x43E;&#x439; &#x442;&#x435;&#x432;&#x442;&#x43D;&#x435;&#x43D;&#x44C; &#x43A;&#x443;&#x432;&#x430;&#x43B;&#x442; &#x438; &#x421;&#x421;&#x421;&#x420;-&#x43E;&#x43D;&#x44C; &#x420;&#x435;&#x432;&#x43E;&#x43B;&#x44E;&#x446;&#x438;&#x43E;&#x43D;&#x43D;&#x43E;&#x439; &#x412;&#x43E;&#x435;&#x43D;&#x43D;&#x43E;&#x439; &#x421;&#x43E;&#x432;&#x435;&#x442;&#x44D;&#x43D;&#x44C; &#x43F;&#x440;&#x435;&#x434;&#x441;&#x435;&#x434;&#x430;&#x442;&#x435;&#x43B;&#x44C;</subfield>
    <subfield code="f">&#x44D;&#x440;&#x437;&#x44F;&#x43A;&#x441; &#x441;&#x451;&#x440;&#x43C;. &#x413;. &#x422;. &#x438; &#x410;. &#x415;.</subfield>
  </datafield>
  <datafield tag="210" ind1=" " ind2=" ">
    <subfield code="a">&#x41C;.</subfield>
    <subfield code="c">&#x413;&#x43E;&#x441;&#x432;&#x43E;&#x435;&#x43D;&#x438;&#x437;&#x434;&#x430;&#x442;</subfield>
    <subfield code="d">1925</subfield>
  </datafield>
  <datafield tag="215" ind1=" " ind2=" ">
    <subfield code="a">31 &#x441;.</subfield>
    <subfield code="d">23</subfield>
  </datafield>
  <datafield tag="541" ind1="1" ind2=" ">
    <subfield code="a">&#x41C;. &#x412;. &#x424;&#x440;&#x443;&#x43D;&#x437;&#x435;, &#x43D;&#x430;&#x440;&#x43E;&#x434;&#x43D;&#x44B;&#x439; &#x43A;&#x43E;&#x43C;&#x438;&#x441;&#x441;&#x430;&#x440; &#x43F;&#x43E; &#x432;&#x43E;&#x435;&#x43D;&#x43D;&#x44B;&#x43C; &#x438; &#x43C;&#x43E;&#x440;&#x441;&#x43A;&#x438;&#x43C; &#x434;&#x435;&#x43B;&#x430;&#x43C; &#x438; &#x43F;&#x440;&#x435;&#x434;&#x441;&#x435;&#x434;&#x430;&#x442;&#x435;&#x43B;&#x44C; &#x420;&#x435;&#x432;&#x43E;&#x43B;&#x44E;&#x446;&#x438;&#x43E;&#x43D;&#x43D;&#x43E;&#x433;&#x43E; &#x432;&#x43E;&#x435;&#x43D;&#x43D;&#x43E;&#x433;&#x43E; &#x421;&#x43E;&#x432;&#x435;&#x442;&#x430; &#x421;&#x421;&#x421;&#x420;</subfield>
    <subfield code="z">rus</subfield>
  </datafield>
  <datafield tag="600" ind1="0" ind2="1">
    <subfield code="a">&#x424;&#x440;&#x443;&#x43D;&#x437;&#x435;</subfield>
    <subfield code="b">&#x41C;. &#x412;.</subfield>
    <subfield code="g">&#x41C;&#x438;&#x445;&#x430;&#x438;&#x43B; &#x412;&#x430;&#x441;&#x438;&#x43B;&#x44C;&#x435;&#x432;&#x438;&#x447;</subfield>
    <subfield code="2">psbo</subfield>
  </datafield>
  <datafield tag="801" ind1=" " ind2="0">
    <subfield code="a">RU</subfield>
    <subfield code="b">NLR</subfield>
    <subfield code="c">20080319</subfield>
    <subfield code="g">PSBO</subfield>
  </datafield>
  <datafield tag="852" ind1=" " ind2=" ">
    <subfield code="a">NLR</subfield>
    <subfield code="b">&#x41E;&#x41D;&#x41B;</subfield>
    <subfield code="j">&#x41C;&#x43E;&#x440;&#x434;.&#x42D;./3-795</subfield>
  </datafield>
  <datafield tag="942" ind1=" " ind2=" ">
    <subfield code="c">BOOK</subfield>
  </datafield>
  <datafield tag="980" ind1=" " ind2=" ">
    <subfield code="a">NB</subfield>
  </datafield>
  <datafield tag="995" ind1=" " ind2=" ">
    <subfield code="5">2013-10-26</subfield>
    <subfield code="b">NLR01</subfield>
    <subfield code="c">NLR01</subfield>
    <subfield code="e">ONL</subfield>
    <subfield code="f">1-1458436</subfield>
    <subfield code="k">&#x41C;&#x43E;&#x440;&#x434;.&#x42D;./3-795</subfield>
    <subfield code="o">0</subfield>
    <subfield code="r">BOOK</subfield>
    <subfield code="s">3795_</subfield>
  </datafield>
</record>
